Country Names: Click to Complete #1 - Statistics

General Stats
  • This quiz has been taken 33 times
  • The average score is 15 of 15
Answer Stats
Hint Answer % Correct
Saudi Arabia
100%
Vatican City
100%
Ivory Coast
100%
Burkina Faso
100%
Marshall Islands
100%
United Kingdom
100%
Dominican Republic
100%
El Salvador
100%
East Timor
100%
New Zealand
100%
Equatorial Guinea
97%
South Sudan
97%
Saint Lucia
93%
North Macedonia
90%
San Marino
90%
No matching quizzes found
Score Distribution
Percent of People with Each Score
Percentile by Number Answered
Your Score History
You have not taken this quiz